Responses for Show #2800 - Friday, November 1, 1996

Contestants

Tim Malec, an assistant district attorney from Newton, Massachusetts

Margaret Sankey, a graduate student from Emmett, Idaho

Kalyan Farrington, a retired engineer from Honolulu, Hawaii (whose 2-day cash winnings total $14,628)

[next game >>]

Jeopardy! Round responses

BEFORE HE WAS PRESIDENT
MEDICINE
ACCORDING TO HOYLE
ISLANDS
GARDENING
TV FAMILIES
(Alex: I want you to name the family; I'm going to give you a list of names.)
    $100 7
Richard Nixon

Tim
    $100 22
Dr. Spock

Kalyan
    $100 17
king

Tim
    $100 1
Gulf of St. Lawrence

Kalyan
    $100 26
leaves

Kalyan
    $100 3
the Ewings

Kalyan
    $200 8
Jimmy Carter

Margaret
    $200 23
Hippocrates

Margaret
    $200 18
[Alex sounds out the correct response.]

knock

Triple Stumper
    $200 2
Bering Strait

Tim
    $200 27
snails

Kalyan
    $200 12
the Addams family

Margaret
    $300 9
(Kalyan: Who is Johnson?)
(Alex: Which one?)
(Kalyan: Samuel.)

Andrew Johnson

KalyanMargaret
    $300 24
bronchitis

Margaret
    $300 19
(Kalyan: What is them?)
(Tim: What is NS?)

They

KalyanTim
Triple Stumper
    $300 4
Canary Islands

Margaret
    $300 28
poppy

Margaret
    $300 15
the Waltons

Margaret
    $400 10
the Civil War

Tim
    $400 16
Chicago

Kalyan
    $400 20
old maid

Tim
    $400 5
Corsica

Margaret
    $400 29
cauliflower

Kalyan
    $400 14
the Partridge family

Tim
    $700 11
(Tim: Who was John Kennedy?)

George (H.W.) Bush

Tim
    $500 25
(Margaret: What is mononucleosis?)

mumps

Margaret
Triple Stumper
    $500 21
backgammon

Triple Stumper
    $500 6
Luzon

Kalyan
    $500 30
carrots

Margaret
    $500 13
Taylor (from "The Andy Griffith Show")

Tim

Scores at the first commercial break (after clue 14):

Kalyan Margaret Tim
$400 $1,400 $900

Scores at the end of the Jeopardy! Round:

Kalyan Margaret Tim
$1,300 $2,500 $1,100

Double Jeopardy! Round responses

ABDICATIONS
CELEBRITIES
ECONOMICS
U.S. RIVERS
CRIME TIME
"A"UTHORS
    $200 14
Kaiser Wilhelm II

Margaret
    $200 19
Jean-Claude Van Damme

Margaret
    $200 8
1929

Kalyan
    $200 23
the Mississippi

Kalyan
    $200 1
Clyde Barrow

Margaret
    $200 6
Louisa May Alcott

Margaret
    $400 13
Mary, Queen of Scots

Tim
    $2,000 15
(Margaret: Who was Blondie?)

a pair of boots (Nancy Sinatra)

Margaret
    $400 9
Gross Domestic Product

Tim
    $400 24
the Potomac

Kalyan
    $400 2
train

Tim
    $400 10
Horatio Alger

Tim
    $600 12
Edward VIII

Margaret
    $600 20
Johnny Mathis

Triple Stumper
    $600 28
cartel

Kalyan
    $600 25
Idaho

Tim
    $600 3
Boss Tweed

Tim
    $600 18
Isaac Asimov

Tim
    $800 11
Queen Christina

Margaret
    $800 21
Greg Kinnear

Margaret
    $2,500 29
macroeconomics & microeconomics

Kalyan
    $800 26
James River

Kalyan
    $800 4
"Murder, Incorporated"

Margaret
    $800 17
Jane Austen

Margaret
    $1000 7
Norodom Sihanouk

Kalyan
    $1000 22
Yanni

Tim
    $1000 30
(Tim: Where is Concord?)

Bretton Woods

KalyanTim
    $1000 27
the Colorado River

Kalyan
    $1000 5
Boston

Tim
    $1000 16
(Tim: Who was Aristophanes?)

Aeschylus

MargaretTim

Scores at the end of the Double Jeopardy! Round:

Kalyan Margaret Tim
$9,000 $6,100 $4,500

[wagering suggestions for these scores]

Final Jeopardy! Round responses

AMERICANA
TimWhat is the Marine Corps Marching Band?
$4,500
MargaretWhat is the Marine band?
$6,100
KalyanWhat is the Marine Corp Band
$3,327
United States Marine Band

Final scores:

Kalyan Margaret Tim
$12,327 $12,200 $9,000
3-day champion: $26,955 2nd place: Lane cedar armoire & Service Merchandise gift certificate 3rd place: Integra exercise equipment

Game dynamics:

Coryat scores:

Kalyan Margaret Tim
$7,300 $8,100 $5,200
17 R
(including 1 DD),
2 W
20 R,
2 W
(including 1 DD)
16 R,
4 W
(including 1 DD)

Combined Coryat: $20,600

[game clues] [game scores] [suggest correction]

Game tape date: 1996-09-03
The J! Archive is created by fans, for fans. Scraping, republication, monetization, and malicious use prohibited; this site may use cookies and collect identifying information. See terms. The Jeopardy! game show and all elements thereof, including but not limited to copyright and trademark thereto, are the property of Jeopardy Productions, Inc. and are protected under law. This website is not affiliated with, sponsored by, or operated by Jeopardy Productions, Inc. Join the discussion at JBoard.tv.